|
|
|
|
| LEADER |
00626nab a2200181 i 4500 |
| 001 |
acta28493 |
| 005 |
20210222110022.0 |
| 008 |
161017s2001 hu o 0|| hun d |
| 022 |
|
|
|a 1219-0608
|
| 040 |
|
|
|a SZTE Egyetemi Kiadványok Repozitórium
|b hun
|
| 041 |
|
|
|a hun
|
| 100 |
1 |
|
|a Domonkos János
|
| 245 |
1 |
0 |
|a Trianon és Sajó Sándor költészete
|h [elektronikus dokumentum] /
|c Domonkos János
|
| 260 |
|
|
|c 2001
|
| 300 |
|
|
|a 241-242
|
| 490 |
0 |
|
|a Módszertani közlemények
|v 41 No. 5
|
| 695 |
|
|
|a Sajó Sándor, Irodalomtörténet
|
| 856 |
4 |
0 |
|u http://acta.bibl.u-szeged.hu/28493/1/modszertani_041_005_241-242.pdf
|z Dokumentum-elérés
|